<?xml version="1.0" encoding="UTF-8"?>
<record
    xmlns:xsi="http://www.w3.org/2001/XMLSchema-instance"
    xsi:schemaLocation="http://www.loc.gov/MARC21/slim http://www.loc.gov/standards/marcxml/schema/MARC21slim.xsd"
    xmlns="http://www.loc.gov/MARC21/slim">

  <leader>00523nam a22001691i 4500</leader>
  <controlfield tag="001">1132</controlfield>
  <datafield tag="090" ind1=" " ind2=" ">
    <subfield code="a">1132</subfield>
  </datafield>
  <datafield tag="100" ind1=" " ind2=" ">
    <subfield code="a">20170304u        u  u0frey50      ba</subfield>
  </datafield>
  <datafield tag="200" ind1="1" ind2=" ">
    <subfield code="f">Alberto Merani</subfield>
    <subfield code="a">Natureza Humana e Educa&#xE7;&#xE3;o</subfield>
  </datafield>
  <datafield tag="215" ind1=" " ind2=" ">
    <subfield code="a">189p</subfield>
    <subfield code="d">'21 cm'</subfield>
  </datafield>
  <datafield tag="700" ind1=" " ind2="1">
    <subfield code="a">Merani</subfield>
    <subfield code="b">Alberto</subfield>
    <subfield code="4">070</subfield>
  </datafield>
  <datafield tag="701" ind1=" " ind2="1">
    <subfield code="a">Santos Leonor</subfield>
    <subfield code="4">730</subfield>
  </datafield>
  <datafield tag="210" ind1=" " ind2=" ">
    <subfield code="c">Not&#xED;cias</subfield>
    <subfield code="a">Lisboa</subfield>
    <subfield code="d">1978</subfield>
  </datafield>
  <datafield tag="225" ind1="2" ind2=" ">
    <subfield code="a">Pedagogia</subfield>
    <subfield code="v">7</subfield>
  </datafield>
  <datafield tag="410" ind1=" " ind2="0">
    <subfield code="t">Pedagogia</subfield>
  </datafield>
  <datafield tag="996" ind1=" " ind2=" ">
    <subfield code="f">0001228</subfield>
    <subfield code="k">MER</subfield>
    <subfield code="m">00000000</subfield>
    <subfield code="n">00000000</subfield>
    <subfield code="a">BMVA</subfield>
    <subfield code="b">1</subfield>
    <subfield code="v">Viana do Alentejo</subfield>
    <subfield code="x">Educa&#xE7;&#xE3;o. Ensino. Pedagogia</subfield>
    <subfield code="y">21</subfield>
    <subfield code="e">Livro</subfield>
    <subfield code="1">0</subfield>
    <subfield code="3">1</subfield>
  </datafield>
  <datafield tag="990" ind1=" " ind2=" ">
    <subfield code="c">LIVROS</subfield>
  </datafield>
  <datafield tag="995" ind1=" " ind2=" ">
    <subfield code="0">0</subfield>
    <subfield code="1">0</subfield>
    <subfield code="9">1340</subfield>
    <subfield code="b">BMVA</subfield>
    <subfield code="d">BMVA</subfield>
    <subfield code="f">0001231</subfield>
    <subfield code="k">159.9 MER</subfield>
    <subfield code="o">0</subfield>
    <subfield code="r">LIVROS</subfield>
    <subfield code="u">Em dep&#xF3;sito caixa 34 VNT</subfield>
  </datafield>
</record>
